| 000 | 00433nam a2200157Ia 4500 | ||
|---|---|---|---|
| 008 | 230312s9999||||xx |||||||||||||| ||und|| | ||
| 020 | _a0-446-67748-5 | ||
| 082 |
_a658.15 _bKIY-R |
||
| 100 | _aKiyosaki,Robert.T | ||
| 245 | 0 | _aRich Dad"s Rich Kid Smart Kid | |
| 260 |
_bWarner business books _aNew York _c2001 |
||
| 300 | _a264 | ||
| 546 | _aEng. | ||
| 650 |
_aAccounting _vMoney is an Idea,Money does not make you rich |
||
| 942 | _cBK | ||
| 999 |
_c873 _d873 |
||